| 000 | 00701nam a2200205 a 4500 | ||
|---|---|---|---|
| 008 | 090316s2006 ||||||||||||||||| || u | ||
| 020 | _a0750669187 | ||
| 050 | _aTS 1912 Pac | ||
| 100 | _aPacejka, Hans B | ||
| 245 | 1 | 0 |
_aTyre and vehicle dynamics. -- 2nd ed. _cHans B. Pacejka |
| 250 | _a2nd ed. | ||
| 260 |
_aOxford: _bElsevier _c2006 |
||
| 300 | _axiii, 642p.: ill. | ||
| 350 | _a0.00 | ||
| 650 | _aMECHANICS | ||
| 650 | _aAUTOMOBILES--TIRES | ||
| 650 | _aMOTOR VEHICLES--TIRES | ||
| 650 | _aMOTOR VEHICLES--DYNAMICS | ||
| 995 |
_D0.00 _FCBU-MAIN LIBRARY (Kitwe) _H1 _I0.00 _M1 _UAVAILABLE _WMar 30, 2009 _ZMain Library Open Access Collection |
||
| 999 |
_c60539 _d60539 |
||